Library Logo

Pioneer International University Library Catalogue

KIDNAP HILL (Record no. 9405)

MARC details
000 -LEADER
fixed length control field 00330nam a22001337a 4500
005 - DATE AND TIME OF LATEST TRANSACTION
control field 20250901165811.0
008 - FIXED-LENGTH DATA ELEMENTS--GENERAL INFORMATION
fixed length control field 250324b |||||||| |||| 00| 0 eng d
020 ## - INTERNATIONAL STANDARD BOOK NUMBER
International Standard Book Number 9789966361479
050 ## - LIBRARY OF CONGRESS CALL NUMBER
Classification number PR 9408 .K34 2014
245 ## - TITLE STATEMENT
Title KIDNAP HILL
Statement of responsibility, etc. KAHIGA SAM
260 ## - PUBLICATION, DISTRIBUTION, ETC.
Place of publication, distribution, etc. NAIROBI
Name of publisher, distributor, etc. LONGHORN PUBLISHERS
Date of publication, distribution, etc. 2014
300 ## - PHYSICAL DESCRIPTION
Extent 145
942 ## - ADDED ENTRY ELEMENTS (KOHA)
Source of classification or shelving scheme Library of Congress Classification
Holdings
Withdrawn status Lost status Source of classification or shelving scheme Damaged status Not for loan Collection Home library Current library Shelving location Date acquired Source of acquisition Total checkouts Full call number Barcode Date last seen Price effective from Koha item type
    Library of Congress Classification       Main Library Main Library   03/24/2025 Donation from KICD   PR 9408 .K34 2014 PIUD0000332 03/24/2025 03/24/2025 Books